| 000 | 00556nam a22001937a 4500 | ||
|---|---|---|---|
| 003 | OSt | ||
| 005 | 20250923044352.0 | ||
| 008 | 250923b |||||||| |||| 00| 0 eng d | ||
| 020 | _a0751307394 | ||
| 040 |
_aDWCL-Main lib _cOC |
||
| 082 | _aCirc. 641.6374 L886c 2011 | ||
| 100 | _aLausada, Patricia | ||
| 245 |
_a Chocolate/ _cPatricia Lausada |
||
| 260 |
_aLondon: _bDorling kindersley, _cc2011 |
||
| 300 |
_a144 pages: _bcolor illustration; _c 24cm. |
||
| 504 | _aIncludes index | ||
| 650 | _a1. Cooking(chocolate) | ||
| 942 |
_2ddc _cBK-CIRC _kCirc. _n0 |
||
| 999 |
_c4505 _d4505 |
||